|
|
|
|
| LEADER |
00000cam a2200000 7i4500 |
| 001 |
0000015311 |
| 005 |
20080324.0 |
| 008 |
080324 |
| 020 |
|
|
|a 9676113328
|
| 090 |
0 |
0 |
|a 929.2595119
|b TUN
|
| 245 |
1 |
0 |
|a Tun Sulaiman Ninam Shah :
|b pengerusi tetap UMNO
|c penyelenggara, Wan Mohd Mahyiddin, Harun Johari
|
| 260 |
|
|
|a Kuala Lumpur :
|b Utusan Publication & Distributors ,
|c 2002
|
| 650 |
|
0 |
|a Malaysia
|x politics and goverment
|
| 650 |
|
0 |
|a Politicians
|x Johor
|x biography
|
| 650 |
|
0 |
|a UMNO
|x history
|
| 700 |
0 |
|
|a Harun Johari
|
| 700 |
0 |
|
|a Wan Mohd Mahyiddin
|
| 999 |
|
|
|a 0000915405
|b Book
|c REFERENCE
|e Cawangan Bandar Tenggara
|
| 999 |
|
|
|a 0001016973
|b Book
|c REFERENCE
|e Perbadanan Perpustakaan Awam Johor
|
| 999 |
|
|
|a 0001229876
|b Book
|c REFERENCE
|e Perbadanan Perpustakaan Awam Johor
|